| 000 | 01068aab a2200205 i 4500 | ||
|---|---|---|---|
| 001 | 768714001 | ||
| 003 | CO-MdFUSB | ||
| 005 | 20240422090846.0 | ||
| 008 | 240417t1986 ag ||||| |||| 00| 0 spa d | ||
| 040 |
_bspa _cCO-MdFUSB |
||
| 041 | _aspa | ||
| 100 | 1 |
_aCentro Evangélico Latinoamericano de Estudios Pastorales CELEP _eautor |
|
| 245 |
_aCompromiso y fe de vida _c/ Centro Evangélico Latinoamericano de Estudios Pastorales CELEP |
||
| 300 |
_aVolumen 5, número 1, (marzo, 1986), páginas: 38 - 39 _c; 27 cm |
||
| 520 | _aEste documento es un extracto del comunicado oficial del Centro de Estudios Pastorales Evangélicos en América Latina (CELEP). Refleja el fundamento bíblico-teológico de este ministerio, que es el núcleo de la reflexión y la actividad pastoral que tiene un gran impacto en nuestro continente. | ||
| 650 | 0 |
_aComunicación (Teología) _91244 |
|
| 650 | 7 |
_aTeología pastoral y unidad cristiana _97183 |
|
| 773 | 0 |
_tIglesia y Misión _049402 _959679 _gVolumen 5, número 1, (marzo, 1986), páginas: 38 - 39 _qpágina: 38 |
|
| 942 | _cANA | ||
| 999 |
_c51650 _d51650 |
||